Irrigation (Record no. 11851)

000 -LEADER
fixed length control field 00548ckm a2200181Ia 4500
040 ## - CATALOGING SOURCE
Transcribing agency GPO
082 ## - DEWEY DECIMAL CLASSIFICATION NUMBER
Classification number 631 U.S 2006? A038 Or.
100 1# - MAIN ENTRY--AUTHOR NAME
Personal name Frary, Michael,
245 10 - TITLE STATEMENT
Title Irrigation
260 ## - PUBLICATION, DISTRIBUTION, ETC. (IMPRINT)
Place of publication [Washington, D.C. :
Name of publisher U.S. Bureau of Reclamation,
Year of publication 2006?]
300 ## - PHYSICAL DESCRIPTION
Number of Pages Electronic text with graphic :
Other physical details HTML file.
500 ## - GENERAL NOTE
General note Title from title screen (viewed on Jan. 29, 2007).
500 ## - GENERAL NOTE
General note "Acrylic on masonite, 30" x 40"."
650 #0 - SUBJECT ADDED ENTRY--TOPICAL TERM
Topical Term Irrigation
710 1# - ADDED ENTRY--CORPORATE NAME
Corporate name or jurisdiction name as entry element United States.
856 40 - ELECTRONIC LOCATION AND ACCESS
Uniform Resource Identifier http://purl.fdlp.gov/GPO/gpo5644
942 ## - ADDED ENTRY ELEMENTS (KOHA)
Koha item type សៀវភៅភាសាបារាំង
952 ## - LOCATION AND ITEM INFORMATION (KOHA)
Withdrawn status [LOCAL, KOHA] 0
952 ## - LOCATION AND ITEM INFORMATION (KOHA)
Withdrawn status [LOCAL, KOHA] 0
952 ## - LOCATION AND ITEM INFORMATION (KOHA)
Withdrawn status [LOCAL, KOHA] 0
Holdings
Permanent Location Date acquired Koha item type Lost status Shelving location Barcode Current Location Full call number
Library Block A2017-08-08សៀវភៅភាសាបារាំង A038A10653Library Block A631 U.S 2006? A038 Or.
Library Block A2017-08-08សៀវភៅភាសាបារាំង A038A11237Library Block A631 U.S 2006? A038 Or.
Library Block A2017-08-08សៀវភៅភាសាបារាំង A038A09896Library Block A631 U.S 2006? A038 Or.
មជ្ឈមណ្ឌលឯការនៃសាកលវិទ្យាល័យភូមិន្ទកសិកម្មចំការដូង

Powered by Koha